000 00445nam a22001697a 4500
005 20160519154549.0
008 160519b xxu||||| |||| 00| 0 eng d
020 _a81-219-0817-5
041 _aeng
082 _b3316
100 _aAvadhanulu MN & Kshrisagar P.G.
_9823
245 _aA Text book of Engineering Physics
260 _aNew Delhi
_bSultan Chand & Sons.
_c1992
300 _a758
650 _aDIPLOMA ENGINEERING
_9817
942 _cBK
999 _c1130
_d1130